Statistiken für Zivilisationen und Staaten des Altertums A-Z

Klicken Sie hier um das Quiz zu spielen!

Allgemein

  • Dieses Quiz wurde 94 mal gespielt
  • Das Durchschnittsergebnis liegt bei 9 aus 25

Antwortstatistiken

HinweisAntwort% Korrekt
AZivilisation am Nil, welche unter anderem die Pyramiden errichteteÄgypten
99%
BMesopotamisches Reich, welches die jüdische Oberschicht aus Israel deportierteBabylon
71%
FGermanischer Stamm, welcher in der Völkerwanderung das mächtigste Reich Westeuropas begründeteFranken
69%
MNordgriechisches Königreich, welches unter Alexander dem Großen Persien eroberteMakedonien
68%
RReich, welches um die Zeitenwende das Mittelmeer kontrollierteRömisches Reich
64%
KHeterogene Völkergruppe, welche in der Antike Gebiete wie die britischen Inseln, Frankreich, Norditalien bis nach Anatolien besiedelteKelten
57%
VGermanischer Stamm, welcher während der Völkerwanderung nach Nordafrika migrierte und Rom plünderteVandalen
52%
IBronzezeitliche Hochkultur in Indien und Pakistan. Benannt nach dem Fluss, an dem sich die Städte dieser Kultur befandenIndus-Tal-Zivilisation
51%
WGermanischer Volksstamm, welcher während der Völkerwanderung die Iberische Halbinsel erobern konnteWestgoten
41%
PSeefahrervolk aus dem heutigen Libanon, welches unter anderem Karthago gründetePhönizier
40%
QChinesische Kaiserdynastie, welche die Zeit der Streitenden Reiche beendete und China seinen westlichen Namen gabQin-Dynastie
39%
USumerischer Stadtstaat, welcher der bedeutendste Stadtstaat Sumeriens während der späten Kupferzeit und frühen Bronzezeit war und angeblich von König Gilgamesch beherrscht wurdeUruk
37%
LGermanenstamm, welcher während der Völkerwanderung nach Italien migrierte und der Gegend um Mailand ihren Namen gabLangobarden
35%
XAngeblich erste chinesische Dynastie, welche entlang des Gelben Flusses herrschteXia-Dynastie
27%
DZivilisation, welche in der Antike das heutige Rumänien bewohnteDaker
25%
OMexikanische Zivilisation, bekannt für die Errichtung großer SteinköpfeOlmeken
25%
HBronzezeitliche Hochkultur in Anatolien und Syrien mit der Haupstadt HattuschaHethiter
20%
JJurchische Kaiserdynastie in Nordchina in der SpätantikeJin-Dynastie
20%
EGriechisches Diadochen-Königreich, welches von König Phyrros regiert wurdeEpirus
16%
TSpätantike chinesische Dynastie, welche #G erobern konnteTang-Dynastie
16%
NArabisches Nomadenvolk, welches die Felsenstadt Petra errichteteNabatäer
15%
ZMexikanische Zivilisation, welche die Stadt Monte Alban errichteteZapoteken
13%
SIranisches Reich, welches das Partherreich ablöste und zum größten Rivalen von #R wurdeSassanidenreich
11%
GTürkisches Khanat, welches in der Spätantike große Teile Zentralasiens beherrschteGöktürken
5%
CAntikes Königreich im heutigen Turkmenistan und UsbekistanChoresmien
4%

Verteilung der Resultate

Perzentil nach korrekt beantworteten Fragen

Anzahl Personen mit jedem Resultat

Ihre Resultats-Entwicklung

Sie haben dieses Quiz noch nicht gespielt